000 00262nam a22001097a 4500
008 170119b xxu||||| |||| 00| 0 eng d
020 _a9780781721226
041 _aeng
080 _25TH
_a618.2
245 _aCOMMUNITY HEALTH NURSNG
_cALLENDER, J.A
942 _2udc
_cBK
999 _c3202
_d3202